000 00301nam a2200133Ia 4500
005 20251222155112.0
008 251222s9999||||xx |||||||||||||| ||spa||
082 _aMEQ. 63
100 _aKERR A.
245 0 _aEnfermería Traumatológica
250 _a1ra. ed.
264 _bAlhambra
942 _cLIB
999 _c38076
_d38076